000 00270nam a2200109Ia 4500
008 200302s9999 xx 000 0 und d
100 _aSutherland Lyall
245 _aThe State of British Architecture
260 _bThe Architectural Press
260 _c1980
300 _a154 P.,
999 _c49
_d49